| 000 | 00685pam a2200253 a 4500 | ||
|---|---|---|---|
| 001 | 3369618 | ||
| 003 | OSt | ||
| 005 | 20140310182233.0 | ||
| 008 | 880204r1988 nyub 000 1 eng | ||
| 010 | _a 87040636 | ||
| 020 | _a9780340417010 | ||
| 040 |
_aDLC _cDLC _dDLC |
||
| 050 | 0 | 0 |
_aPR6062.Y3 _b.L981 1988 |
| 082 | 0 | 0 |
_aFIC _bL98u 1988 |
| 100 | 1 |
_aLyall, Gavin. _918433 |
|
| 245 | 1 | 0 |
_aUncle target / _cGavin Lyall. |
| 250 | _a1st American ed. | ||
| 260 |
_aNew York, N.Y., U.S.A. : _bViking, _c1988. |
||
| 300 |
_a256 p. : _bmap ; _c22 cm. |
||
| 650 |
_aFiction _9746 |
||
| 906 |
_a7 _bcbc _corignew _d1 _eocip _f19 _gy-gencatlg |
||
| 942 |
_2lcc _cBK-FIC _kFIC |
||
| 999 |
_c10964 _d10964 |
||